Statistics for Shawn Mendes Filmography

Click here to take the quiz!

General Stats

  • This quiz has been taken 57 times
    (5 since last reset)
  • The average score is 3 of 22

Answer Stats

TypeYearName% Correct
Film2022Lyle, Lyle, Crocodile
60%
TV Show2016, 2019Saturday Night Live
60%
Documentary2020Shawn Mendes: In Wonder
40%
TV Show2018Drop the Mic
20%
Concert Film2020Shawn Mendes: Live in Concert
20%
TV Show2016The 100
20%
TV Show2016The Voice of Germany
20%
Film2013Underdogs
20%
TV Show2015Yo Quisiera
20%
TV Show2023Canada's Got Talent
0%
FilmTBADo It Scared
0%
Web Series2020Hollymation
0%
TV Special2015Live with Shawn Mendes
0%
TV Show2015Shawn Mendes One 2 One
0%
Commercial2018Shawn Mendes Signature
0%
Documentary2015Shawn Mendes: The Journey
0%
Commercial2019Smile Direct Club
0%
FilmTBASummer of Love
0%
Web Mini-Series2014The Vamps: Takeover
0%
TV Show2016The X Factor UK
0%
TV Show2017Unplugged
0%
Commercial2019Verizon
0%

Score Distribution

Percentile by Number Answered

Percent of People with Each Score

Your Score History

You have not taken this quiz since the last reset